2008 UEFA Euro - Statistics

General Stats
  • This quiz has been taken 216 times
  • The average score is 15 of 16
Answer Stats
Answer % Correct
Germany
99%
Portugal
97%
Spain
97%
France
96%
Italy
93%
Russia
93%
Sweden
93%
Switzerland
92%
Austria
91%
Croatia
91%
Netherlands
89%
Turkey
89%
Greece
88%
Poland
88%
Romania
82%
Czech Republic
79%
No matching quizzes found
Score Distribution
Percent of People with Each Score
Percentile by Number Answered
Your Score History
You have not taken this quiz